<?xml version="1.0" encoding="UTF-8"?>
<record
    xmlns:xsi="http://www.w3.org/2001/XMLSchema-instance"
    xsi:schemaLocation="http://www.loc.gov/MARC21/slim http://www.loc.gov/standards/marcxml/schema/MARC21slim.xsd"
    xmlns="http://www.loc.gov/MARC21/slim">

  <leader>00434    a2200109   4500</leader>
  <controlfield tag="001">ART_60208</controlfield>
  <controlfield tag="005">20260410162017.0</controlfield>
  <controlfield tag="008">260409a                                 </controlfield>
  <datafield tag="245" ind1="1" ind2="0">
    <subfield code="a">Decreto de necesidad y urgencia 70/2023. Impugnaciones en el &#xE1;mbito judicial: an&#xE1;lisis, consideraciones y diagn&#xF3;stico parcial</subfield>
  </datafield>
  <datafield tag="100" ind1="1" ind2=" ">
    <subfield code="a">Roitman, Facundo J.</subfield>
  </datafield>
  <datafield tag="773" ind1="0" ind2=" ">
    <subfield code="t">Temas de derecho administrativo</subfield>
    <subfield code="g">- A&#xF1;o 9, N&#xB0; 2/3 (feb./mar. 2024)</subfield>
    <subfield code="w">REV40468</subfield>
  </datafield>
  <datafield tag="999" ind1=" " ind2=" ">
    <subfield code="c">32712</subfield>
    <subfield code="d">32712</subfield>
  </datafield>
</record>
